| 000 | 00565nam a22002177a 4500 | ||
|---|---|---|---|
| 005 | 20151215103410.0 | ||
| 008 | 070419s2008 mauab b 001 0 eng | ||
| 020 | _a9780073403885 | ||
| 020 | _a0073403881 | ||
| 041 | 0 | _aeng | |
| 080 | _a32 | ||
| 100 | 1 |
_aRourke, John T., _d1945- |
|
| 245 | 1 | 0 |
_aInternational politics on the world stage / _cJohn T. Rourke. |
| 250 | _a12th ed. | ||
| 260 |
_aBoston : _bMcGraw-Hill, _c2008. |
||
| 300 |
_a597 f.: _bme il.; _c25 cm. |
||
| 505 | _aIndex: f. 598 - 596 | ||
| 650 | 0 | _aPolitika | |
| 650 | 0 | _aBota | |
| 942 |
_2udc _cBK |
||
| 999 |
_c768 _d768 |
||